000 01362nam a2200241Ii 4500
003 JO-AjNU
005 20240630095527.0
008 230605s9999||||xx |||||||||||||| ||und||
040 _aJO-AjNU
_bara
_erda
_cJO-AjNU
041 _aara
050 1 4 _aQA11.2007
100 1 _aالسريحين، سفيان كريم سليم
_eمعد
_965900
245 0 0 _aاثر استخدام استراتيجية حل المشكلات في معالجة المسالة الجبرية على تحصيل طلبة الصف السابع الاساسي في لواء الرمثا=the Effect of Using Problem Soiving Strategy in Manipulating Algebra Problems on the Seventh Grade Students Achievement in Al Ramtha District /
_cاعداد السريحين سفيان كريم سليم ؛ إشراف احمد حسن القضاة
260 _c2007
300 _a93 ورقة
336 _atext
_btxt
_2rdacontent
337 _aunmediated
_bn
_2rdamedia
338 _avolume
_bnc
_2rdacarrier
500 _aرسالة جامعية( ماجستير في مناهج الرياضيات واساليب التدريس)--جامعة ال البيت، كلية العلوم التربوية(المفرق)، 2007 يشتمل على جداول توضيحية
650 4 _aالرياضيات - تعليم
_957602
700 1 _aالقضاة، أحمد حسن
_962613
_eمشرف
942 _2lcc
_cTHS
999 _c29391
_d29391